[Event "CZE-chT2B 0910"]
[Site "Czech Republic"]
[Date "2010.04.18"]
[Round "11.7"]
[White "Plesek, Jiri"]
[Black "Miskovsky, Pavel"]
[Result "1-0"]
[WhiteElo "2150"]
[BlackElo "2138"]
[PlyCount "57"]
[EventDate "2009.10.18"]
[EventType "team-tourn"]
[EventRounds "11"]
[EventCountry "CZE"]
[SourceTitle "EXT 2012"]
[Source "ChessBase"]
[SourceDate "2011.11.24"]
[SourceVersion "1"]
[SourceVersionDate "2011.11.24"]
[SourceQuality "1"]
[WhiteTeam "Pankrac II"]
[BlackTeam "Litvinov Lom"]
[WhiteTeamCountry "CZE"]
[BlackTeamCountry "CZE"]

1. d4 Nf6 2. c4 d6 3. Nc3 e5 4. Nf3 Nbd7 5. Bg5 Be7 6. e3 0-0 7. Qc2 c6 8. Bd3 h6 9. h4 Re8 10. Bxf6 Bxf6 11. 0-0-0 exd4 12. exd4 Nf8 13. Bf5 Bxf5 14. Qxf5 Qd7 15. Qxd7 Nxd7 16. Rhe1 Rxe1 17. Rxe1 c5 18. Ne4 cxd4 19. Nxd6 Nc5 20. Kd2 Kf8 21. Ne4 Nxe4+ 22. Rxe4 d3 23. b3 a5 24. Ne5 Rd8 25. g4 Be7 26. Nxd3 f5 27. Re5 g6 28. h5 Bg5+ 29. Ke2 1-0

[Event "CZE-chT2B 0910"]
[Site "Czech Republic"]
[Date "2010.02.28"]
[Round "8.8"]
[White "Papay, Jindrich"]
[Black "Miskovsky, Pavel"]
[Result "1/2-1/2"]
[WhiteElo "2042"]
[BlackElo "2138"]
[PlyCount "50"]
[EventDate "2009.10.18"]
[EventType "team-tourn"]
[EventRounds "11"]
[EventCountry "CZE"]
[SourceTitle "EXT 2012"]
[Source "ChessBase"]
[SourceDate "2011.11.24"]
[SourceVersion "1"]
[SourceVersionDate "2011.11.24"]
[SourceQuality "1"]
[WhiteTeam "Decin"]
[BlackTeam "Litvinov Lom"]
[WhiteTeamCountry "CZE"]
[BlackTeamCountry "CZE"]

1. c4 d6 2. Nc3 Nf6 3. d4 e5 4. dxe5 dxe5 5. Qxd8+ Kxd8 6. Bg5 c6 7. 0-0-0+ Kc7 8. f3 Be6 9. e4 Bc5 10. Bd3 a6 11. Nge2 b5 12. b3 Nbd7 13. Kc2 bxc4 14. Bxc4 Bxc4 15. bxc4 Nb6 16. Kb3 Rhb8 17. Rb1 Nfd7 18. a3 a5 19. Rhc1 f6 20. Bh4 Be3 21. Rc2 Nc5+ 22. Ka2 Ne6 23. Nd1 Bc5 24. Nb2 Rd8 25. Be1 Nd4 1/2-1/2

[Event "CZE-chT2b 0607"]
[Site "Czech Republic"]
[Date "2007.02.25"]
[Round "8"]
[White "Koubek, Vaclav1111"]
[Black "Miskovsky, Pavel"]
[Result "1/2-1/2"]
[WhiteElo "2105"]
[BlackElo "2112"]
[PlyCount "174"]
[EventDate "2006.10.15"]
[EventType "team"]
[EventRounds "11"]
[EventCountry "CZE"]
[SourceTitle "EXT 2009"]
[Source "ChessBase"]
[SourceDate "2008.11.26"]
[SourceVersion "1"]
[SourceVersionDate "2008.11.26"]
[SourceQuality "1"]

1. e4 e5 2. Nf3 d6 3. Bc4 Be7 4. d3 Nf6 5. h3 Be6 6. Bb3 c6 7. c3 Bxb3 8. axb3 Qc7 9. Nbd2 Nbd7 10. Nf1 h6 11. Ng3 g6 12. Be3 a6 13. Qd2 Nc5 14. Ra3 Bf8 15. 0-0 Ne6 16. d4 Rd8 17. Raa1 h5 18. h4 Ng4 19. Ng5 Nxg5 20. Bxg5 f6 21. f3 fxg5 22. fxg4 Qh7 23. gxh5 gxh4 24. hxg6 Qxg6 25. Nf5 h3 26. Rf3 Qxg2+ 27. Qxg2 hxg2 28. Kxg2 Rd7 29. Rh1 Rxh1 30. Kxh1 exd4 31. cxd4 c5 32. d5 Bg7 33. Rf2 Be5 34. Rg2 Rh7+ 35. Kg1 Kd7 36. Rg8 Bxb2 37. Rb8 Kc7 38. Re8 Be5 39. Kg2 Rh2+ 40. Kg1 Rh7 41. Kg2 b5 42. Ra8 Kb7 43. Rd8 c4 44. bxc4 bxc4 45. Nxd6+ Kc7 46. Rc8+ Kxd6 47. Rxc4 Rc7 48. Ra4 Ra7 49. Rc4 Kd7 50. Rc6 Bd6 51. Rc1 Be5 52. Rh1 Kd6 53. Kf3 Rf7+ 54. Ke3 a5 55. Rb1 Kc5 56. Rc1+ Kb4 57. Rc6 Kb5 58. Re6 Bb2 59. Re8 Rb7 60. e5 Kc5 61. Ra8 Bc3 62. Rc8+ Kb4 63. e6 Be5 64. Ke4 Bd6 65. Rc6 Be7 66. d6 Bd8 67. Rc8 Bh4 68. Rc7 Rb6 69. e7 Bxe7 70. dxe7 Rb8 71. Rb7+ Rxb7 72. e8Q Rb5 73. Kd4 Rb6 74. Qe1+ Ka4 75. Qa1+ Kb5 76. Qb2+ Kc6 77. Qc3+ Kd6 78. Qa3+ Kc6 79. Qc3+ Kb7 80. Qxa5 Rd6+ 81. Kc5 Rd7 82. Qb6+ Kc8 83. Qa6+ Kb8 84. Qe6 Kc7 85. Qb6+ Kc8 86. Qa6+ Kc7 87. Qa5+ Kb7 1/2-1/2

[Event "CZE-chT2b 0607"]
[Site "Czech Republic"]
[Date "2006.10.15"]
[Round "1"]
[White "Miskovsky, Pavel"]
[Black "Papay, Jindrich"]
[Result "1/2-1/2"]
[WhiteElo "2145"]
[BlackElo "2020"]
[PlyCount "53"]
[EventDate "2006.10.15"]
[EventType "team"]
[EventRounds "11"]
[EventCountry "CZE"]
[SourceTitle "EXT 2009"]
[Source "ChessBase"]
[SourceDate "2008.11.26"]
[SourceVersion "1"]
[SourceVersionDate "2008.11.26"]
[SourceQuality "1"]

1. e4 b6 2. Nc3 Bb7 3. Nf3 e6 4. d4 Nf6 5. Bd3 h6 6. 0-0 Bb4 7. e5 Nh7 8. Ne4 0-0 9. a3 Be7 10. c4 f5 11. exf6 Nxf6 12. Nxf6+ Bxf6 13. Bc2 Qe7 14. Qd3 g5 15. Ne5 Qg7 16. Ng4 Nc6 17. Nxf6+ Rxf6 18. Be3 Ne7 19. Rae1 Ng6 20. f3 Raf8 21. Qd2 Nf4 22. d5 e5 23. Bxf4 Rxf4 24. Be4 d6 25. b4 Ba6 26. b5 Bc8 27. g4 1/2-1/2

[Event "CZE-chT2b 0506"]
[Site "Czech Republic"]
[Date "2006.02.26"]
[Round "8.7"]
[White "Miskovsky, Pavel"]
[Black "Novacek, Jan"]
[Result "1/2-1/2"]
[WhiteElo "2161"]
[BlackElo "2115"]
[PlyCount "37"]
[EventDate "2005.10.16"]
[EventType "team"]
[EventRounds "11"]
[EventCountry "CZE"]
[SourceTitle "EXT 2009"]
[Source "ChessBase"]
[SourceDate "2008.11.26"]
[SourceVersion "1"]
[SourceVersionDate "2008.11.26"]
[SourceQuality "1"]

1. Nf3 d5 2. c4 c6 3. cxd5 cxd5 4. d4 Nc6 5. Nc3 Nf6 6. g3 g6 7. Bg2 Bg7 8. 0-0 0-0 9. Ne5 Nxe5 10. dxe5 Nd7 11. Nxd5 Nxe5 12. Bg5 Nc6 13. Nxe7+ Nxe7 14. Qxd8 Rxd8 15. Bxe7 Re8 16. Ba3 Rxe2 17. Rfe1 Rxe1+ 18. Rxe1 Be6 19. b3 1/2-1/2

[Event "CZE-chT2b 0506"]
[Site "Czech Republic"]
[Date "2005.12.18"]
[Round "5"]
[White "Bicek, Richard"]
[Black "Miskovsky, Pavel"]
[Result "1/2-1/2"]
[WhiteElo "2105"]
[BlackElo "2161"]
[PlyCount "119"]
[EventDate "2005.10.16"]
[EventType "team"]
[EventRounds "11"]
[EventCountry "CZE"]
[SourceTitle "EXT 2009"]
[Source "ChessBase"]
[SourceDate "2008.11.26"]
[SourceVersion "1"]
[SourceVersionDate "2008.11.26"]
[SourceQuality "1"]

1. e4 d6 2. d4 Nf6 3. Nc3 g6 4. h3 Bg7 5. Nf3 c6 6. Be2 0-0 7. Be3 Qc7 8. 0-0 b5 9. a3 a6 10. e5 dxe5 11. Nxe5 Nd5 12. Nxd5 cxd5 13. Bf4 Qb6 14. Bf3 Bb7 15. c3 Rd8 16. Re1 Ra7 17. Qd2 Bc8 18. Re2 a5 19. Ng4 Bxg4 20. Bxg4 Nc6 21. Rae1 b4 22. axb4 axb4 23. Bg5 bxc3 24. bxc3 Re8 25. Bf3 Rd7 26. Qa2 h6 27. Bf4 e6 28. Rb1 Qa5 29. Qxa5 Nxa5 30. Rb5 Nc4 31. Bxd5 Nd6 32. Bc6 Nxb5 33. Bxb5 Red8 34. Bxd7 Rxd7 35. Rb2 g5 36. Be3 Rc7 37. Rb3 f5 38. f4 Bf6 39. Kf2 g4 40. hxg4 fxg4 41. Ke2 h5 42. Kd3 h4 43. c4 Kf7 44. c5 Kg6 45. Ke4 Rh7 46. Rb1 h3 47. Rh1 Bd8 48. gxh3 gxh3 49. Rg1+ Kf6 50. Bf2 h2 51. Rh1 Rh3 52. Be3 Bc7 53. Bc1 Rh4 54. Bd2 Rh5 55. Bc3 Ke7 56. Bb4 Kd7 57. Be1 Rh3 58. Bd2 Kc6 59. Be3 Bb8 60. Bd2 1/2-1/2

[Event "CZE-chT2b 0506"]
[Site "Czech Republic"]
[Date "2005.10.16"]
[Round "1"]
[White "Miskovsky, Pavel"]
[Black "Svadlenka, Jaroslav"]
[Result "1-0"]
[WhiteElo "2161"]
[BlackElo "1945"]
[PlyCount "71"]
[EventDate "2005.10.16"]
[EventType "team"]
[EventRounds "11"]
[EventCountry "CZE"]
[SourceTitle "EXT 2009"]
[Source "ChessBase"]
[SourceDate "2008.11.26"]
[SourceVersion "1"]
[SourceVersionDate "2008.11.26"]
[SourceQuality "1"]

1. Nf3 Nf6 2. b3 e6 3. Bb2 Be7 4. g3 d5 5. Bg2 c5 6. e3 Nc6 7. d4 b6 8. 0-0 0-0 9. Nbd2 Ba6 10. Re1 Rc8 11. a3 Qc7 12. Rc1 Qb8 13. c3 Bd3 14. c4 Be4 15. Nxe4 Nxe4 16. cxd5 exd5 17. dxc5 bxc5 18. Qxd5 Nf6 19. Bxf6 gxf6 20. Qh5 Ne5 21. Nh4 Rfe8 22. Nf5 Bf8 23. Bd5 Ng6 24. Rc4 Rc7 25. Rg4 Kh8 26. Bc4 Qb7 27. e4 Rd7 28. Nh4 Re5 29. Nf5 Rd2 30. Qh3 Qd7 31. Nh6 Bxh6 32. Qxh6 Qd4 33. Rf1 Rg5 34. Rxg5 fxg5 35. Bxf7 Qxe4 36. Qxg5 1-0

[Event "CZE-chT2b 0405"]
[Site "Czech Republic"]
[Date "2005.??.??"]
[Round "?"]
[White "Miskovsky, Pavel"]
[Black "Lamser, Jan"]
[Result "1/2-1/2"]
[WhiteElo "2205"]
[BlackElo "2195"]
[PlyCount "46"]
[EventDate "2004.10.??"]
[EventType "team"]
[EventRounds "11"]
[EventCountry "CZE"]
[SourceTitle "EXT 2007"]
[Source "ChessBase"]
[SourceDate "2006.11.23"]
[SourceVersion "1"]
[SourceVersionDate "2006.11.23"]
[SourceQuality "1"]

1. Nf3 d5 2. d4 e6 3. c4 c5 4. e3 Nf6 5. Nc3 Nc6 6. a3 a6 7. dxc5 Bxc5 8. b4 Bd6 9. cxd5 exd5 10. Bb2 0-0 11. Be2 Re8 12. 0-0 Bc7 13. Qc2 Qd6 14. g3 Bg4 15. Rfd1 Bh5 16. Rac1 Bg6 17. Qb3 Rad8 18. b5 Na5 19. Qa2 Bb8 20. a4 Qe6 21. Nd4 Qh3 22. Nf3 Qe6 23. Nd4 Qh3 1/2-1/2

[Event "Most op"]
[Site "Most"]
[Date "2004.??.??"]
[Round "3"]
[White "Lechtynsky, Jiri"]
[Black "Miskovsky, Pavel"]
[Result "1-0"]
[WhiteElo "2430"]
[BlackElo "2070"]
[PlyCount "63"]
[EventDate "2004.??.??"]
[EventType "swiss"]
[EventRounds "9"]
[EventCountry "CZE"]
[SourceTitle "EXT 2007"]
[Source "ChessBase"]
[SourceDate "2006.11.23"]
[SourceVersion "1"]
[SourceVersionDate "2006.11.23"]
[SourceQuality "1"]

1. d4 Nf6 2. Nf3 d6 3. c4 g6 4. Nc3 Bg7 5. Bg5 Nbd7 6. e3 0-0 7. Be2 c6 8. Qc2 Qc7 9. 0-0 Re8 10. Rfd1 e5 11. dxe5 dxe5 12. Nd2 Nf8 13. Bxf6 Bxf6 14. c5 Bf5 15. Nce4 Bg7 16. b4 Red8 17. g4 Be6 18. Nc4 Qe7 19. Rxd8 Rxd8 20. Rd1 Bd5 21. Ncd6 Ne6 22. Nc3 Ng5 23. Nxd5 cxd5 24. Rxd5 e4 25. Rxg5 Qxg5 26. Qxe4 h5 27. Qxb7 Rf8 28. Ne4 Qe5 29. Bc4 hxg4 30. Nd6 Qa1+ 31. Kg2 Qe1 32. Bd5 1-0

[Event "Louny op"]
[Site "Louny"]
[Date "2004.??.??"]
[Round "?"]
[White "Miskovsky, Pavel"]
[Black "Janda, Zdenek"]
[Result "1/2-1/2"]
[WhiteElo "2200"]
[BlackElo "2216"]
[PlyCount "75"]
[EventDate "2004.??.??"]
[EventType "swiss"]
[EventRounds "7"]
[EventCountry "CZE"]
[SourceTitle "EXT 2007"]
[Source "ChessBase"]
[SourceDate "2006.11.23"]
[SourceVersion "1"]
[SourceVersionDate "2006.11.23"]
[SourceQuality "1"]

1. e4 d6 2. Nf3 Nf6 3. d3 c5 4. Be2 Nc6 5. c3 g6 6. 0-0 Bg7 7. h3 0-0 8. Bg5 h6 9. Be3 c4 10. Qc2 cxd3 11. Bxd3 b6 12. Rd1 Qc7 13. Nbd2 Ne5 14. Nxe5 dxe5 15. a4 Rb8 16. b4 Nh5 17. a5 Nf4 18. axb6 axb6 19. Bf1 Bd7 20. c4 Ne6 21. Nb3 Bc6 22. f3 Rfd8 23. Qf2 f5 24. Rxd8+ Qxd8 25. c5 Nd4 26. Bxd4 exd4 27. b5 Be8 28. Bc4+ Kh8 29. c6 Qd6 30. Ra7 d3 31. Qd2 fxe4 32. fxe4 Rd8 33. c7 Rc8 34. Qxd3 Qxd3 35. Bxd3 Bf7 36. Nd2 Be5 37. Nf3 Bxc7 38. Nd4 1/2-1/2

[Event "Most op"]
[Site "Most"]
[Date "2004.??.??"]
[Round "6"]
[White "Miskovsky, Pavel"]
[Black "Pecka, Frantisek"]
[Result "1/2-1/2"]
[WhiteElo "2070"]
[BlackElo "2070"]
[PlyCount "33"]
[EventDate "2004.??.??"]
[EventType "swiss"]
[EventRounds "9"]
[EventCountry "CZE"]
[SourceTitle "EXT 2007"]
[Source "ChessBase"]
[SourceDate "2006.11.23"]
[SourceVersion "1"]
[SourceVersionDate "2006.11.23"]
[SourceQuality "1"]

1. Nf3 d5 2. e3 c5 3. b3 Nc6 4. Bb5 Bg4 5. Bxc6+ bxc6 6. Bb2 f6 7. d3 e6 8. Nbd2 Bd6 9. 0-0 Ne7 10. Qe1 0-0 11. h3 Bh5 12. e4 Qd7 13. Rc1 e5 14. Nh2 Ng6 15. f3 Nf4 16. Kh1 f5 17. g3 1/2-1/2

[Event "Most op"]
[Site "Most"]
[Date "2004.??.??"]
[Round "1"]
[White "Rodl, Martin"]
[Black "Miskovsky, Pavel"]
[Result "0-1"]
[WhiteElo "2070"]
[BlackElo "1615"]
[PlyCount "80"]
[EventDate "2004.??.??"]
[EventType "swiss"]
[EventRounds "9"]
[EventCountry "CZE"]
[SourceTitle "EXT 2007"]
[Source "ChessBase"]
[SourceDate "2006.11.23"]
[SourceVersion "1"]
[SourceVersionDate "2006.11.23"]
[SourceQuality "1"]

1. e4 c5 2. Nc3 Nc6 3. g3 g6 4. Bg2 Bg7 5. f4 e6 6. Nf3 Nge7 7. 0-0 0-0 8. d3 d5 9. Qe1 Rb8 10. g4 Nd4 11. Nxd4 cxd4 12. Ne2 Qc7 13. c3 dxe4 14. dxe4 dxc3 15. Nxc3 b5 16. e5 b4 17. Ne4 Nd5 18. Qh4 f5 19. gxf5 Rxf5 20. Bh3 Rh5 21. Qg3 Qb6+ 22. Nf2 Bb7 23. Bg4 Rf5 24. Bxf5 gxf5 25. Re1 Kh8 26. Be3 Qa5 27. Rec1 Rg8 28. Nh3 Bh6 29. Ng5 Bxg5 30. fxg5 Nxe3 31. Qxe3 Qd5 32. Kf2 Qg2+ 33. Ke1 Rxg5 34. Qxa7 Qe4+ 35. Kf1 Qf3+ 36. Ke1 Qh1+ 37. Kd2 Qxh2+ 38. Kd3 Rg3+ 39. Kc4 Ba6+ 40. Kxb4 Qxb2+ 0-1

[Event "CZE-ch op"]
[Site "Plzen"]
[Date "1999.??.??"]
[Round "?"]
[White "Hrbolka, Ladislav Jr"]
[Black "Miskovsky, Pavel"]
[Result "0-1"]
[WhiteElo "2099"]
[BlackElo "2216"]
[PlyCount "54"]
[EventDate "1999.??.??"]
[EventType "swiss"]
[EventRounds "9"]
[EventCountry "CZE"]
[SourceTitle "EXT 2000"]
[Source "ChessBase"]
[SourceDate "1999.11.16"]
[SourceVersion "1"]
[SourceVersionDate "1999.11.16"]
[SourceQuality "1"]

1. e4 e5 2. Nf3 d6 3. d4 Nf6 4. Nc3 Nbd7 5. Bc4 Be7 6. 0-0 0-0 7. h3 c6 8. Bb3 a6 9. a4 b6 10. Be3 Qc7 11. Nh4 exd4 12. Bxd4 Nc5 13. Bxc5 bxc5 14. f4 c4 15. Bxc4 d5 16. exd5 cxd5 17. Bb3 Ne4 18. Nxe4 dxe4 19. Qh5 g6 20. Qh6 Be6 21. f5 Bxb3 22. cxb3 Bf6 23. Rac1 Qg3 24. fxg6 fxg6 25. Rxf6 Rxf6 26. Rc3 Qe1+ 27. Kh2 Raf8 0-1

[Event "CZE-ch op"]
[Site "Plzen"]
[Date "1999.??.??"]
[Round "?"]
[White "Miskovsky, Pavel"]
[Black "Eretova, Jana"]
[Result "0-1"]
[WhiteElo "2216"]
[BlackElo "2145"]
[PlyCount "46"]
[EventDate "1999.??.??"]
[EventType "swiss"]
[EventRounds "9"]
[EventCountry "CZE"]
[SourceTitle "EXT 2000"]
[Source "ChessBase"]
[SourceDate "1999.11.16"]
[SourceVersion "1"]
[SourceVersionDate "1999.11.16"]
[SourceQuality "1"]

1. Nf3 c5 2. e4 e6 3. d4 cxd4 4. Nxd4 Nf6 5. Bd3 Nc6 6. Nxc6 bxc6 7. 0-0 Qc7 8. c4 h5 9. Qe2 Ng4 10. g3 Bc5 11. Bf4 e5 12. Bd2 Qd6 13. Bc2 Qg6 14. Bd1 d6 15. Qd3 h4 16. Bxg4 Bxg4 17. Be3 Qh5 18. Bxc5 dxc5 19. f4 Be2 20. Qd6 Rc8 21. Re1 hxg3 22. h3 Qxh3 23. Qxe5+ Kf8 0-1

[Event "CZE-ch op"]
[Site "Plzen"]
[Date "1999.??.??"]
[Round "?"]
[White "Miskovsky, Pavel"]
[Black "Hrbolka, Ladislav"]
[Result "1/2-1/2"]
[WhiteElo "2216"]
[BlackElo "2132"]
[PlyCount "52"]
[EventDate "1999.??.??"]
[EventType "swiss"]
[EventRounds "9"]
[EventCountry "CZE"]
[SourceTitle "EXT 2000"]
[Source "ChessBase"]
[SourceDate "1999.11.16"]
[SourceVersion "1"]
[SourceVersionDate "1999.11.16"]
[SourceQuality "1"]

1. Nf3 Nf6 2. b3 g6 3. Bb2 Bg7 4. g4 0-0 5. g5 Nh5 6. Bxg7 Kxg7 7. Nc3 f6 8. h4 d5 9. d4 Bf5 10. e3 Nc6 11. a3 Qd7 12. Be2 a6 13. Nh2 b5 14. b4 Qd6 15. Bxh5 gxh5 16. Qxh5 Nxb4 17. axb4 Qxb4 18. Kd2 c5 19. Rhc1 Qc4 20. Qe2 cxd4 21. Qxc4 dxc4 22. gxf6+ Rxf6 23. exd4 Bxc2 24. Rg1+ Bg6 25. Ng4 Rf5 26. Ke3 b4 1/2-1/2

[Event "CZE-ch op"]
[Site "Plzen"]
[Date "1999.??.??"]
[Round "?"]
[White "Spal, Milan"]
[Black "Miskovsky, Pavel"]
[Result "1-0"]
[WhiteElo "2219"]
[BlackElo "2216"]
[PlyCount "95"]
[EventDate "1999.??.??"]
[EventType "swiss"]
[EventRounds "9"]
[EventCountry "CZE"]
[SourceTitle "EXT 2000"]
[Source "ChessBase"]
[SourceDate "1999.11.16"]
[SourceVersion "1"]
[SourceVersionDate "1999.11.16"]
[SourceQuality "1"]

1. e4 Nc6 2. d4 d5 3. exd5 Qxd5 4. Nf3 Bg4 5. Be2 0-0-0 6. Be3 e6 7. 0-0 Qd7 8. Nbd2 Nge7 9. c3 Kb8 10. Qa4 f6 11. Kh1 Bf5 12. b4 Nd5 13. Rac1 Nce7 14. Bb5 c6 15. Be2 Nc8 16. Nb3 g5 17. Nc5 Bxc5 18. bxc5 Nxe3 19. fxe3 h5 20. Nd2 Bg4 21. Bd3 h4 22. Rb1 h3 23. g3 f5 24. Rb2 Rhf8 25. Rfb1 b5 26. Bxb5 cxb5 27. Rxb5+ Nb6 28. Rxb6+ axb6 29. Rxb6+ Qb7+ 30. Rxb7+ Kxb7 31. Qb5+ Kc7 32. Qb6+ Kd7 33. Qd6+ Kc8 34. Qxe6+ Kc7 35. Qb6+ Kd7 36. d5 f4 37. gxf4 gxf4 38. exf4 Rfe8 39. c6+ Ke7 40. Kg1 Rxd5 41. Nc4 Rg8 42. Kf2 Bh5 43. Qe3+ Kf6 44. Qxh3 Rg4 45. Ke3 Rc5 46. c7 Rg8 47. Kd4 Rf5 48. Qxf5+ 1-0

[Event "Ceske Budejovice op"]
[Site "Ceske Budejovice"]
[Date "1998.??.??"]
[Round "?"]
[White "Miskovsky, Pavel"]
[Black "Voloshin, Leonid"]
[Result "0-1"]
[WhiteElo "2270"]
[BlackElo "2440"]
[PlyCount "136"]
[EventDate "1998.08.??"]
[EventType "swiss"]
[EventRounds "9"]
[EventCountry "CZE"]
[SourceTitle "EXT 2000"]
[Source "ChessBase"]
[SourceDate "1999.11.16"]
[SourceVersion "1"]
[SourceVersionDate "1999.11.16"]
[SourceQuality "1"]

1. e4 c5 2. Nc3 e6 3. g3 Nc6 4. Bg2 g6 5. Nge2 Bg7 6. 0-0 Nge7 7. d3 0-0 8. Bg5 h6 9. Be3 Nd4 10. Qd2 Kh7 11. Nd1 d5 12. c3 Nxe2+ 13. Qxe2 d4 14. Bd2 dxc3 15. bxc3 b6 16. Nb2 Ba6 17. Rfd1 Qd7 18. Be1 Rad8 19. Qc2 Nc6 20. Rab1 f5 21. exf5 exf5 22. f4 Rfe8 23. Bf2 Re6 24. Nc4 b5 25. Ne5 Nxe5 26. fxe5 Qc7 27. d4 cxd4 28. Qb3 Rxe5 29. cxd4 Re2 30. Rbc1 Qe7 31. d5 Rd7 32. a3 Be5 33. Qd3 Bd6 34. Bf3 Ra2 35. Re1 Qf8 36. Ra1 Rxa1 37. Rxa1 Bc5 38. Rc1 Bxf2+ 39. Kxf2 Qf6 40. Qd2 Bb7 41. Qd3 Bxd5 42. Bxd5 Qb2+ 43. Rc2 Rxd5 44. Rxb2 Rxd3 45. Rxb5 Rxa3 46. Rb7+ Kg8 47. h4 Kf8 48. h5 gxh5 49. Rh7 Ra6 50. Kf3 Kg8 51. Rb7 Ra4 52. Ke3 a6 53. Rd7 Kf8 54. Kf3 Ke8 55. Rh7 h4 56. Rxh6 hxg3 57. Kxg3 Ke7 58. Kf3 a5 59. Ra6 Ra1 60. Kf4 a4 61. Kxf5 a3 62. Re6+ Kd7 63. Re2 Kc6 64. Ke4 Kc5 65. Kd3 Kb4 66. Rd2 Kb3 67. Kd4 Rc1 68. Kd3 a2 0-1

[Event "Decin op"]
[Site "Decin"]
[Date "1997.??.??"]
[Round "6"]
[White "Miskovsky, Pavel"]
[Black "Chernikov, Oleg L"]
[Result "0-1"]
[WhiteElo "2210"]
[BlackElo "2385"]
[PlyCount "100"]
[EventDate "1997.??.??"]
[EventType "swiss"]
[EventRounds "9"]
[EventCountry "CZE"]
[SourceTitle "EXT 1998"]
[Source "ChessBase"]
[SourceDate "1997.11.17"]
[SourceVersion "1"]
[SourceVersionDate "1997.11.17"]
[SourceQuality "1"]

1. e4 c5 2. Nc3 g6 3. g3 Bg7 4. Bg2 e5 5. d3 Nf6 6. f4 d6 7. Nf3 exf4 8. Bxf4 0-0 9. 0-0 Ng4 10. Qd2 Nc6 11. h3 Nge5 12. Bh6 Rb8 13. Bxg7 Kxg7 14. Nd5 Be6 15. Ng5 Bd7 16. c3 h6 17. Nf3 Nxf3+ 18. Rxf3 Qg5 19. Qxg5 hxg5 20. Rf6 Be6 21. Raf1 Rbd8 22. g4 Ne5 23. Nc7 Bxa2 24. d4 cxd4 25. cxd4 Nd3 26. R6f3 Nf4 27. Ra1 Bc4 28. Rxa7 Ne2+ 29. Kf2 Nxd4 30. Rc3 b5 31. Ke3 Nc6 32. Rb7 Rb8 33. Rxb8 Rxb8 34. b3 Rc8 35. Nd5 Bxd5 36. exd5 Re8+ 37. Kd3 Nb4+ 38. Kd2 Re5 39. Re3 Kf6 40. Rf3+ Ke7 41. Re3 f5 42. Rxe5+ dxe5 43. Bf1 e4 44. Bxb5 Kd6 45. Be8 Kxd5 46. Bxg6 f4 47. Bf5 Ke5 48. Bc8 f3 49. h4 Kf4 50. h5 e3+ 0-1

[Event "CZE-chT1a 9697"]
[Site "Czech Republic"]
[Date "1997.??.??"]
[Round "?"]
[White "Miskovsky, Pavel"]
[Black "Chochol, Libor"]
[Result "1-0"]
[WhiteElo "2210"]
[BlackElo "2170"]
[PlyCount "65"]
[EventDate "1996.??.??"]
[EventType "team"]
[EventRounds "11"]
[EventCountry "CZE"]
[SourceTitle "EXT 1998"]
[Source "ChessBase"]
[SourceDate "1997.11.17"]
[SourceVersion "1"]
[SourceVersionDate "1997.11.17"]
[SourceQuality "1"]

1. e4 c5 2. Nc3 e6 3. g3 Be7 4. Bg2 Nc6 5. Nge2 Nf6 6. 0-0 0-0 7. d4 cxd4 8. Nxd4 Qa5 9. Nb3 Qc7 10. Bf4 Qd8 11. Qd2 Ne8 12. Rad1 d6 13. Qe2 e5 14. Be3 Nc7 15. f4 exf4 16. gxf4 Qe8 17. Nd4 Nxd4 18. Bxd4 Kh8 19. f5 f6 20. Bf2 Bd7 21. Bg3 Rc8 22. Rfe1 Bc6 23. Nd5 Bxd5 24. exd5 Rf7 25. c4 Qd7 26. Qh5 Bf8 27. Re6 Kg8 28. b3 Na6 29. Rd4 b5 30. Rh4 h6 31. Qg6 Kh8 32. Ree4 bxc4 33. Reg4 1-0

[Event "CZE-chT1a 9697"]
[Site "Czech Republic"]
[Date "1997.??.??"]
[Round "?"]
[White "Miskovsky, Pavel"]
[Black "Hadraba, Vladimir"]
[Result "0-1"]
[WhiteElo "2210"]
[BlackElo "2265"]
[PlyCount "128"]
[EventDate "1996.??.??"]
[EventType "team"]
[EventRounds "11"]
[EventCountry "CZE"]
[SourceTitle "EXT 1998"]
[Source "ChessBase"]
[SourceDate "1997.11.17"]
[SourceVersion "1"]
[SourceVersionDate "1997.11.17"]
[SourceQuality "1"]

1. c4 g6 2. Nc3 Bg7 3. d4 Nf6 4. e4 d6 5. Nf3 0-0 6. Be2 Nbd7 7. 0-0 e5 8. Re1 c6 9. Bf1 a5 10. Rb1 exd4 11. Nxd4 Nc5 12. Bg5 h6 13. Bf4 Re8 14. f3 Nh5 15. Be3 Be5 16. g3 g5 17. Nf5 Bxf5 18. exf5 Ng7 19. Qc2 Qf6 20. g4 Bd4 21. Bxd4 Qxd4+ 22. Qf2 Qf6 23. Rbd1 Rxe1 24. Qxe1 Ne8 25. b3 Kf8 26. Ne4 Qe5 27. Nxc5 Qxc5+ 28. Qf2 Qxf2+ 29. Kxf2 Ke7 30. h4 Nf6 31. Bd3 d5 32. cxd5 cxd5 33. Bb5 Rc8 34. Rd2 Kd6 35. hxg5 hxg5 36. Kg3 Rc3 37. Rd3 Rxd3 38. Bxd3 Ke5 39. Bb5 Ng8 40. Be8 f6 41. a3 Ne7 42. b4 axb4 43. axb4 Nc8 44. Bd7 Nd6 45. Ba4 Nc4 46. Bb5 Nd2 47. Bd7 Nb1 48. Bc8 b6 49. Bb7 Nc3 50. Bc8 Na2 51. f4+ gxf4+ 52. Kh4 f3 53. Kg3 Nxb4 54. Kxf3 Nc6 55. Ke3 Ne7 56. Bd7 Ng8 57. Kf3 Ne7 58. Be8 d4 59. Bd7 Nd5 60. Bc6 Nc3 61. Bd7 b5 62. Be6 b4 63. Bb3 Ne4 64. Bc2 Nc5 0-1

[Event "Decin op"]
[Site "Decin"]
[Date "1997.??.??"]
[Round "2"]
[White "Miskovsky, Pavel"]
[Black "Lymar, Vladimir"]
[Result "1-0"]
[WhiteElo "2210"]
[BlackElo "2350"]
[PlyCount "121"]
[EventDate "1997.??.??"]
[EventType "swiss"]
[EventRounds "9"]
[EventCountry "CZE"]
[SourceTitle "EXT 1998"]
[Source "ChessBase"]
[SourceDate "1997.11.17"]
[SourceVersion "1"]
[SourceVersionDate "1997.11.17"]
[SourceQuality "1"]

1. e4 c5 2. Nf3 e6 3. d4 cxd4 4. Nxd4 Nc6 5. g3 Qc7 6. Bg2 a6 7. 0-0 Nf6 8. Nxc6 bxc6 9. c4 d6 10. Nc3 Be7 11. b3 0-0 12. Bb2 Bb7 13. Rc1 c5 14. Qe2 Nd7 15. f4 Rfe8 16. Rcd1 Rad8 17. Qd3 Bf8 18. g4 Nb8 19. Rf2 Nc6 20. g5 Nd4 21. f5 Bc6 22. Rdf1 a5 23. g6 f6 24. fxe6 Rxe6 25. Nd5 Bxd5 26. Bxd4 cxd4 27. exd5 Re3 28. gxh7+ Kh8 29. Qg6 Be7 30. Be4 Rf8 31. Bf5 Bd8 32. Be6 Re5 33. h4 Qe7 34. Rf5 Rxf5 35. Qxf5 g6 36. Qxg6 Qxh7 37. h5 Qxg6+ 38. hxg6 Kg7 39. Bf7 Bb6 40. Kg2 Rh8 41. Re1 Rh5 42. Re7 Rg5+ 43. Kf3 d3 44. Re8 f5 45. Kf4 Rg1 46. Kxf5 Rf1+ 47. Kg5 Be3+ 48. Rxe3 d2 49. Rd3 d1Q 50. Rxd1 Rxd1 51. Kf5 Re1 52. c5 dxc5 53. d6 a4 54. d7 Rd1 55. Ke6 axb3 56. axb3 Kf8 57. Kf6 Rf1+ 58. Ke5 Rd1 59. Bd5 Ke7 60. g7 Re1+ 61. Kf4 1-0